<?xml version="1.0" encoding="UTF-8"?>
<marc:record xmlns:marc="http://www.loc.gov/MARC21/slim">
   <marc:leader>00000nam a2200000 a 4500</marc:leader>
   <marc:datafield ind1="1" ind2=" " tag="100">
      <marc:subfield code="a">Horwitz, Dominique</marc:subfield>
   </marc:datafield>
   <marc:datafield ind1="1" ind2=" " tag="100">
      <marc:subfield code="a">Thalbach, Katharina</marc:subfield>
   </marc:datafield>
   <marc:datafield ind1="1" ind2=" " tag="100">
      <marc:subfield code="a">Schlöndorff, Volker</marc:subfield>
   </marc:datafield>
   <marc:datafield ind1="0" ind2="0" tag="245">
      <marc:subfield code="a">Strajk [Bildtonträger]</marc:subfield>
   </marc:datafield>
   <marc:datafield ind1="0" ind2="0" tag="245">
      <marc:subfield code="b">die Heldin von Danzig</marc:subfield>
   </marc:datafield>
   <marc:datafield ind1="0" ind2="0" tag="245">
      <marc:subfield code="c">ein Film von Volker Schlöndorff. Mit Katharina Thalbach, Dominique Horwitz ...</marc:subfield>
   </marc:datafield>
   <marc:datafield ind1=" " ind2="1" tag="264">
      <marc:subfield code="b">STUDIOCANAL</marc:subfield>
      <marc:subfield code="c">2015</marc:subfield>
   </marc:datafield>
   <marc:datafield ind1="1" ind2=" " tag="490">
      <marc:subfield code="a">Arthaus</marc:subfield>
   </marc:datafield>
   <marc:datafield ind1="1" ind2=" " tag="520">
      <marc:subfield code="a">Polen, 1980: Agnieszka ist bescheiden, fleissig und hat sich auf der Lenin-Werft von der Hilfsarbeiterin bis zur Kranführerin hochgearbeitet. Doch die Arbeitsbedingungen sind katastrophal. Als ein Unfall, der mehrere Menschenleben kostete, vertuscht werden soll, lehnt sie sich gegen die Werksführung auf und fordert bessere Arbeitsbedingungen. Prompt wird sie entlassen, doch ihre Kollegen stehen hinter ihr. Was als Streik begann, entwickelt sich zur Solidarnosc-Bewegung, die sich über ganz Polen ausbreitet ...</marc:subfield>
   </marc:datafield>
   <marc:datafield ind1=" " ind2=" " tag="020">
      <marc:subfield code="a">4006680044880</marc:subfield>
      <marc:subfield code="9">4006680044880</marc:subfield>
   </marc:datafield>
   <marc:datafield ind1=" " ind2=" " tag="500">
      <marc:subfield code="a">Orig. : Deutschland/Polen 2007. Sprache: Deutsch (Dolby Digital 2.0 Stereo), Polnisch (Dolby Digital 2.0 Stereo). Untertitel: Deutsch</marc:subfield>
   </marc:datafield>
   <marc:datafield ind1="0" ind2=" " tag="490">
      <marc:subfield code="v">0</marc:subfield>
   </marc:datafield>
   <marc:datafield ind1=" " ind2=" " tag="300">
      <marc:subfield code="a">1 DVD (104 Min.) : farbig</marc:subfield>
   </marc:datafield>
</marc:record>
